[Event "SVK-ch U16 Girls"]
[Site "Tatralandia"]
[Date "2024.04.10"]
[Round "7"]
[White "Zuborova, Michaela"]
[Black "Tomcaniova, Lucia"]
[Result "0-1"]
[WhiteElo "1576"]
[BlackElo "1924"]
[PlyCount "116"]
[EventDate "2024.04.05"]
[EventType "swiss"]
[EventRounds "9"]
[EventCountry "SVK"]
[SourceTitle "CB16_2024"]
[SourceDate "2024.04.17"]
[SourceVersion "1"]
[SourceVersionDate "2024.04.17"]
[SourceQuality "1"]

1. d4 d5 2. Bf4 Nf6 3. e3 e6 4. Nf3 c5 5. c3 Bd6 6. Bg3 Qc7 7. Nbd2 Nbd7 8. Be2 0-0 9. Qc2 e5 10. 0-0-0 cxd4 11. exd4 e4 12. Ng5 Re8 13. Bxd6 Qxd6 14. h4 Nf8 15. Rdg1 h5 16. Qd1 Ng4 17. Bxg4 Bxg4 18. f3 exf3 19. gxf3 Bf5 20. Qf1 Ng6 21. f4 Nxf4 22. Kd1 Bg4+ 23. Ngf3 Qg6 24. Rxg4 Qxg4 25. Rg1 Qh3 26. Ng5 Qxf1+ 27. Rxf1 Ne6 28. Nxf7 Rf8 29. Nd6 Rxf1+ 30. Nxf1 Rd8 31. Nxb7 Rb8 32. Nd6 Rxb2 33. Ne3 Nc7 34. Ndf5 Kf7 35. Ng3 g6 36. c4 dxc4 37. Nxc4 Rxa2 38. Ne3 Rh2 39. d5 Rxh4 40. Ne2 Ke7 41. Kd2 Kd6 42. Nc3 a6 43. Kd3 Rh3 44. Kd2 Rxe3 45. Kxe3 Nxd5+ 46. Nxd5 Kxd5 47. Kf4 a5 48. Kg5 a4 49. Kxg6 h4 50. Kg5 h3 51. Kg4 h2 52. Kg3 h1Q 53. Kf2 Qh3 54. Ke2 a3 55. Kd1 a2 56. Kc1 a1Q+ 57. Kc2 Qa2+ 58. Kc1 Qh1# 0-1